[Event "It"]
[Site "masterchessopen.com - Buenos Aires (Argentina)"]
[Round "0"]
[White "Garcia Raimundo (ARG)"]
[Black "Rossetto Hector (ARG)"]
[Result "1-0"]
[WhiteElo "2327"]
[BlackElo "2285"]

1.d4 Nf6 2.c4 c5 3.d5 e6 4.Nc3 exd5 5.cxd5 d6 6.e4 g6 7.f4 Bg7 8.e5 Nh5 9.Bb5+
Bd7 10.Nf3 O-O 11.Bxd7 Nxd7 12.g4 Nxf4 13.Bxf4 dxe5 14.Bg5 Qa5 15.Qa4 Qxa4
16.Nxa4 e4 17.Nd2 Rfe8 18.Nc3 Bxc3 19.bxc3 Re5 20.Bh6 Rxd5 21.O-O Re8 22.Rae1
e3 23.Rxe3 Rxe3 24.Bxe3 Rd3 25.Bh6 Rxc3 26.Re1 f5 27.Re7 Rd3 28.gxf5 gxf5
29.Nf3 Rd6 30.Bf4 Rg6+ 31.Kf2 Rg7 32.Re8+ Kf7 33.Ra8 Ke6 34.Rxa7 Nf6 35.Ra8
Rd7 36.Ke2 Ne4 37.Re8+ Re7 38.Ng5+ Nxg5 39.Rxe7+ Kxe7 40.Bxg5+ Ke6 41.a4 Kd5
42.Kd3 h5 43.Bd2 c4+ 44.Ke3 {#r} 1-0

[Event "It"]
[Site "masterchessopen.com - Asuncion (Paraguay)"]
[Round "0"]
[White "Rossetto Hector (ARG)"]
[Black "Riego Victorio (PAR)"]
[Result "1-0"]
[WhiteElo "2285"]
[BlackElo "2168"]

1.d4 Nf6 2.c4 c5 3.d5 e6 4.Nc3 exd5 5.cxd5 d6 6.e4 g6 7.f4 Bg7 8.e5 Nh5 9.Bb5+
Bd7 10.Nf3 O-O 11.O-O Bg4 12.h3 Bxf3 13.Qxf3 a6 14.Bc4 dxe5 15.f5 Qh4 16.Ne4
Nf6 17.Bd3 Nxe4 18.Bxe4 Nd7 19.d6 Rab8 20.Be3 Nf6 21.Bc2 Qb4 22.Rad1 c4 23.g4
Rfd8 24.g5 Nh5 25.Qd5 Qxb2 26.Rf2 Qc3 27.Qf3 Nf4 28.Be4 Rd7 29.fxg6 hxg6
30.Rc2 Qa3 31.Rxc4 Qxa2 32.Rc7 Qe6 33.Bd5 Qf5 34.Bxf4 exf4 35.Rxd7 Qxd7
36.Qxf4 Rd8 37.Re1 Bf8 38.Re7 Bxe7 39.Qxf7+ Kh8 40.dxe7 Re8 41.Qf8+ Rxf8
42.exf8=Q+ {#r} 1-0

[Event "Ch DDR"]
[Site "masterchessopen.com - Aschersleben (Germany)"]
[Round "15"]
[White "Neukirch Detlef (GER)"]
[Black "Golz Werner (GER)"]
[Result "1-0"]
[WhiteElo "2267"]
[BlackElo "2410"]

1.d4 Nf6 2.c4 c5 3.d5 e6 4.Nc3 exd5 5.cxd5 d6 6.e4 g6 7.f4 Bg7 8.e5 Nfd7 9.e6
fxe6 10.dxe6 Nf6 11.Bc4 Nc6 12.Nf3 a6 13.Ng5 Qe7 14.O-O O-O 15.f5 Ne5 16.Nd5
Nxd5 17.Bxd5 Rxf5 18.Rxf5 gxf5 19.Qc2 Ng4 20.Qxf5 Bd4+ 21.Kf1 Nf6 22.Bb3 d5
23.Bf4 a5 24.Re1 b6 25.g3 a4 26.Bc2 Ba6+ 27.Kg2 Bb7 28.Nf7 Ne4 29.Bxe4 dxe4
30.Qg4+ Bg7 31.Be5 Qf8 32.Rf1 e3+ 33.Kh3 h5 34.Qg6 {#r} 1-0

[Event "Ch Czechoslovakia"]
[Site "masterchessopen.com - Prague (Czech Republic)"]
[Round "11"]
[White "Kavalek Lubomir (USA)"]
[Black "Trapl Jindrich (CZE)"]
[Result "1-0"]
[WhiteElo "2527"]
[BlackElo "2336"]

1.d4 Nf6 2.c4 c5 3.d5 e6 4.Nc3 exd5 5.cxd5 d6 6.e4 g6 7.f4 Bg7 8.e5 Nfd7 9.Nb5
dxe5 10.Nd6+ Ke7 11.fxe5 Nxe5 12.Nxc8+ Qxc8 13.d6+ Kf8 14.Nf3 Qe6 15.Nxe5 Bxe5
16.Be2 Kg7 17.O-O Nc6 18.Bg4 Qxd6 19.Qb3 Qc7 20.Rxf7+ Qxf7 21.Bh6+ Kxh6
22.Qxf7 Bxb2 23.Qf4+ Kg7 24.Rb1 Rhf8 25.Qg3 Bd4+ 26.Kh1 Rf7 27.Be6 Re7 28.Bd5
Nb4 29.Bc4 Rae8 30.h4 Nc2 31.Qf3 Ne3 32.Bd3 b6 33.h5 Re5 34.g4 R5e7 35.Re1 c4
36.Qf4 Bc3 37.Bxc4 Nxc4 38.Rxe7+ Rxe7 39.h6+ {#r} 1-0

[Event "Ch Bulgaria"]
[Site "masterchessopen.com - Sofia (Bulgaria)"]
[Date "1963.03.10"]
[Round "7"]
[White "Minev Nikolay N (USA)"]
[Black "Popov Vladilen (BUL)"]
[Result "1-0"]
[WhiteElo "2370"]
[BlackElo "2260"]

1.d4 Nf6 2.c4 c5 3.d5 e6 4.Nc3 exd5 5.cxd5 g6 6.e4 d6 7.f4 Bg7 8.e5 Nfd7 9.Nb5
dxe5 10.Nd6+ Kf8 11.Nxc8 Qxc8 12.Nf3 e4 13.Ng5 Nf6 14.Qc2 h6 15.Nh3 Nxd5
16.Qxe4 Qe8 17.Qxe8+ Kxe8 18.Bc4 Nb4 19.O-O Nc2 20.Rb1 f5 21.Bd2 Bd4+ 22.Kh1
Rh7 23.g4 Bh8 24.gxf5 gxf5 25.Rg1 Rg7 26.Bc3 Nd4 27.b4 Nbc6 28.bxc5 Rxg1+
29.Nxg1 Rb8 30.Ne2 Nxe2 31.Bxh8 Nxf4 32.Bg7 h5 33.Rf1 Ng6 34.Rxf5 Kd7 35.Bf7
Nce7 36.Rxh5 Rc8 37.Rg5 Rc6 38.Bd4 b6 39.cxb6 axb6 40.Rg4 Rd6 41.Bb3 Nf5
42.Bf2 Nge7 43.Rf4 Nh6 44.Rb4 Nc8 45.Bg3 Rd3 46.Rb5 Kc6 47.Rh5 Ng4 48.Bc2 Rd4
49.h3 Ne3 50.Bb3 Nd6 51.Re5 Rd3 52.Re6 Nf5 53.Bxd6 Rxd6 54.Kg2 Nd4 55.Rxd6+
Kxd6 56.Kf2 Nb5 57.Ke3 Ke5 58.Kd3 Kf4 59.Bc4 Nc7 60.Kd4 Kf5 61.h4 Kf6 62.h5
Kf5 63.h6 Kg6 64.Ke5 b5 65.Bd3+ Kxh6 66.Kd6 Ne8+ 67.Kc5 Kg7 68.Bxb5 Nf6 69.a4
Kf7 70.a5 Ne4+ 71.Kc6 {#r} 1-0

[Event "Ch DDR"]
[Site "masterchessopen.com - Annaberg-Buchholz (Germany)"]
[Round "8"]
[White "Moehring Guenther (GER)"]
[Black "Hesse Peter (GER)"]
[Result "1-0"]
[WhiteElo "2294"]
[BlackElo "2305"]

1.d4 Nf6 2.c4 c5 3.d5 e6 4.Nc3 exd5 5.cxd5 d6 6.e4 g6 7.f4 Bg7 8.e5 dxe5
9.fxe5 Nfd7 10.e6 fxe6 11.dxe6 Nf6 12.Qxd8+ Kxd8 13.Bg5 Bxe6 14.O-O-O+ Nd7
15.Nf3 h6 16.Bh4 a6 17.Bd3 g5 18.Rhe1 Bg4 19.Bf2 Re8 20.Ne4 Nxe4 21.Bxe4 Kc7
22.Bg3+ Kb6 23.h3 Bxf3 24.Bxf3 Ne5 25.Bh5 Re7 26.Rd6+ Ka7 27.Rd5 Nc6 28.Rxe7
Nxe7 29.Rd7 {#r} 1-0

[Event "Tournament"]
[Site "masterchessopen.com - Vilnius (Lithuania)"]
[Round "0"]
[White "Butnorius Algimantas (LTU)"]
[Black "Volovich Anatoly A (USA)"]
[Result "1-0"]
[WhiteElo "2388"]
[BlackElo "2375"]

1.d4 Nf6 2.c4 c5 3.d5 e6 4.Nc3 exd5 5.cxd5 d6 6.e4 g6 7.f4 Bg7 8.e5 Nfd7 9.e6
Nf6 10.Bb5+ Kf8 11.f5 gxf5 12.Nf3 fxe6 13.dxe6 Bxe6 14.Ng5 Bg8 15.O-O h6
16.Rxf5 hxg5 17.Bxg5 Be6 18.Rf4 a6 19.Qf3 axb5 20.Bxf6 Qe8 21.Qg3 Bxf6
22.Rxf6+ Bf7 23.Re1 Qd7 24.Rxd6 Ra6 25.Rxd7 Nxd7 26.Qc7 Nf6 27.Qxb7 {#r} 1-0

[Event "It"]
[Site "masterchessopen.com - Reggio Emilia (Italy)"]
[Round "0"]
[White "Mariotti Sergio (ITA)"]
[Black "Saidy Anthony F (USA)"]
[Result "0-1"]
[WhiteElo "2326"]
[BlackElo "2336"]

1.d4 Nf6 2.c4 c5 3.d5 e6 4.Nc3 exd5 5.cxd5 d6 6.e4 g6 7.f4 Bg7 8.e5 Nfd7 9.Ne4
dxe5 10.Nd6+ Kf8 11.Nf3 Na6 12.Nxf7 Kxf7 13.Ng5+ Ke8 14.Ne6 Qe7 15.Bxa6 bxa6
16.Nc7+ Kd8 17.d6 Qh4+ 18.g3 Qh3 19.Qd5 Nb6 20.Qxc5 Qg2 21.Ne6+ Kd7 22.Nxg7
Qxh1+ 23.Kf2 Qxh2+ 24.Kf1 Qh1+ 25.Kf2 Qc6 {#R} 0-1

[Event "?"]
[Site "masterchessopen.com - URS"]
[Round "0"]
[White "Mikenas Vladas I (EST)"]
[Black "Kliukin Boris P (RUS)"]
[Result "1-0"]
[WhiteElo "2410"]
[BlackElo "2366"]

1.d4 Nf6 2.c4 e6 3.Nc3 c5 4.d5 exd5 5.cxd5 d6 6.e4 g6 7.f4 Bg7 8.e5 dxe5
9.fxe5 Nfd7 10.e6 fxe6 11.dxe6 Qe7 12.Nd5 Qh4+ 13.g3 Qe4+ 14.Qe2 Qxd5 15.exd7+
Kxd7 16.Bg2 Qf7 17.Qb5+ Nc6 18.Bf4 Re8+ 19.Ne2 Bd4 20.O-O-O Rxe2 21.Bxc6+ bxc6
22.Qxc5 Ke8 23.Qxd4 Bf5 24.Rhe1 Qe6 25.Qh8+ Kf7 26.Qxh7+ Ke8 27.Rxe2 {#r} 1-0

[Event "It"]
[Site "masterchessopen.com - Zinnowitz (Germany)"]
[Round "0"]
[White "Kuzmin Gennadi P (UKR)"]
[Black "Espig Lutz (GER)"]
[Result "1-0"]
[WhiteElo "2560"]
[BlackElo "2460"]

1.d4 Nf6 2.c4 c5 3.d5 e6 4.Nc3 exd5 5.cxd5 d6 6.e4 g6 7.f4 Bg7 8.e5 dxe5
9.fxe5 Nfd7 10.e6 fxe6 11.dxe6 Nf6 12.Qxd8+ Kxd8 13.Bg5 Bxe6 14.O-O-O+ Ke7
15.Re1 Kf7 16.Nh3 Re8 17.Nf4 Bf5 18.Bc4+ Kf8 19.Rxe8+ Nxe8 20.Rf1 Bf6 21.Bxf6
Nxf6 22.Ne6+ {#r} 1-0

[Event "Tournament"]
[Site "masterchessopen.com - Albertslund (Denmark)"]
[Round "9"]
[White "Brinck-Claussen Bjorn (DEN)"]
[Black "Fedder Steen (DEN)"]
[Result "1-0"]
[WhiteElo "2263"]
[BlackElo "2370"]

1.d4 Nf6 2.c4 c5 3.d5 e6 4.Nc3 exd5 5.cxd5 d6 6.e4 g6 7.f4 Bg7 8.e5 Nfd7 9.Nb5
dxe5 10.Nd6+ Ke7 11.Nb5 Kf8 12.Nf3 e4 13.Ng5 Nf6 14.d6 h6 15.Nxf7 Kxf7 16.Bc4+
Kf8 17.Nc7 Nc6 18.Be3 Bd7 19.Bxc5 Na5 20.Ne6+ Bxe6 21.Bxe6 Nd7 22.Ba3 Bf6
23.O-O Kg7 24.Qg4 Bd4+ 25.Kh1 Nf6 26.Qd1 Nc6 27.Rc1 Qb6 28.g4 Rae8 29.Bb3 e3
30.Qe2 Rd8 31.g5 Ne4 32.Qc4 Rd7 33.Qe6 Ng3+ 34.hxg3 Qd8 35.f5 gxf5 36.Rxf5
hxg5+ 37.Kg2 Rh6 38.Rf7+ Rxf7 39.Qxf7+ Kh8 40.d7 {#r} 1-0

[Event "Olympiad"]
[Site "masterchessopen.com - Skopje (Macedonia)"]
[Round "7"]
[White "Partos Charles (SUI)"]
[Black "Holm Sejer (DEN)"]
[Result "0-1"]
[WhiteElo "2425"]
[BlackElo "2395"]

1.d4 Nf6 2.c4 c5 3.d5 e6 4.Nc3 exd5 5.cxd5 d6 6.e4 g6 7.f4 Bg7 8.e5 Nfd7 9.Nb5
dxe5 10.Nd6+ Ke7 11.Nxc8+ Qxc8 12.d6+ Kf8 13.Nf3 e4 14.Ng5 h6 15.Nxe4 Qe8
16.Qe2 Nc6 17.Kf2 Bd4+ 18.Kg3 Kg7 19.Nc3 Qf8 20.h3 a6 21.Qf3 Qxd6 22.Kh2 Nf6
23.Bd3 Rhe8 24.Rd1 Rad8 25.Kh1 Bxc3 26.bxc3 c4 27.Bc2 Qxd1+ 28.Bxd1 Re1+
29.Kh2 Rdxd1 30.g4 Rxc1 31.Rxc1 Rxc1 32.Qe2 Rxc3 33.Qb2 Nd5 34.Qxb7 Nce7
35.Qxa6 Nxf4 36.Qd6 Rxh3+ 37.Kg1 Ned5 38.Qe5+ f6 39.Qd6 Re3 40.a4 c3 41.Qc5
Re1+ 42.Kh2 c2 {#R} 0-1

[Event "It (open)"]
[Site "masterchessopen.com - Charlton (England)"]
[Round "5"]
[White "Parkes Tim (ENG)"]
[Black "Morrey Peter"]
[Result "0-1"]
[WhiteElo "2220"]
[BlackElo "1968"]

1.d4 Nf6 2.c4 c5 3.d5 e6 4.Nc3 exd5 5.cxd5 d6 6.e4 g6 7.f4 Bg7 8.e5 Nfd7 9.Nb5
dxe5 10.Nd6+ Ke7 11.Nxc8+ Qxc8 12.d6+ Kf8 13.Nf3 Nc6 14.Bd3 exf4 15.O-O Nde5
16.Bxf4 Qd7 17.Bb5 Nxf3+ 18.Qxf3 Bd4+ 19.Kh1 Kg7 20.g4 a6 21.Bc4 Rhf8 22.Qh3
h5 23.Bh6+ Kg8 24.Bxf8 Rxf8 25.Rae1 Ne5 26.Bd5 b6 27.Qg2 hxg4 28.Rf6 Kg7
29.Ref1 Nf3 30.Be6 Qxd6 31.Bxg4 Qxh2+ 32.Qxh2 Nxh2 33.Rxf7+ Rxf7 34.Rxf7+ Kxf7
35.Kxh2 Bxb2 {#R} 0-1

[Event "It (open)"]
[Site "masterchessopen.com - Charlton (England)"]
[Round "1"]
[White "Parkes Tim (ENG)"]
[Black "Retout S"]
[Result "1-0"]
[WhiteElo "2220"]
[BlackElo "1808"]

1.d4 Nf6 2.c4 c5 3.d5 e6 4.Nc3 exd5 5.cxd5 d6 6.e4 g6 7.f4 Bg7 8.e5 Nh5 9.Bb5+
Kf8 10.Nf3 Bg4 11.O-O dxe5 12.fxe5 Bxe5 13.Nxe5 Bxd1 14.Nxf7 Qh4 15.Bh6+ Ng7
16.Raxd1 Kg8 17.Bg5 {#r} 1-0

[Event "Ch DDR"]
[Site "masterchessopen.com - Erfurt (Germany)"]
[Round "4"]
[White "Moehring Guenther (GER)"]
[Black "Espig Thomas (GER)"]
[Result "1-0"]
[WhiteElo "2294"]
[BlackElo "2227"]

1.d4 Nf6 2.c4 c5 3.d5 e6 4.Nc3 exd5 5.cxd5 d6 6.e4 g6 7.f4 Bg7 8.e5 Nfd7 9.Nb5
dxe5 10.Nd6+ Ke7 11.Nxc8+ Qxc8 12.Nf3 Re8 13.Be2 Kf8 14.fxe5 Nxe5 15.Nxe5 Bxe5
16.O-O Kg8 17.Bc4 Nd7 18.Bg5 Nb6 19.Bb5 Bd4+ 20.Kh1 Re5 21.Qd2 Qg4 22.Bf4 Rxd5
23.Be2 Qd7 24.Bf3 Nc4 25.Qe2 Nxb2 26.Bxd5 Qxd5 27.Rab1 Qxa2 28.Bh6 Qa6 29.Qe7
f5 30.Rfe1 Nd3 31.Re2 Bf6 32.Qd7 Nf2+ 33.Rxf2 Rd8 34.Qc7 Qa4 35.Re1 Qh4
36.Rfe2 {#r} 1-0

[Event "corr."]
[Site "masterchessopen.com - Yugoslavia"]
[Round "0"]
[White "Despotovic Momcilo (SRB)"]
[Black "Bojic Zoran (SUI)"]
[Result "1-0"]
[WhiteElo "2288"]
[BlackElo "2117"]

1.d4 Nf6 2.c4 c5 3.d5 e6 4.Nc3 exd5 5.cxd5 d6 6.e4 g6 7.f4 Bg7 8.e5 Nfd7 9.Nb5
dxe5 10.Nd6+ Ke7 11.Nxc8+ Qxc8 12.d6+ Kf8 13.Nf3 Nc6 14.Be2 Nd4 15.fxe5 Nxf3+
16.Bxf3 Nxe5 17.O-O Nxf3+ 18.Qxf3 Qd7 19.Bg5 Re8 20.Be7+ Rxe7 21.dxe7+ Qxe7
22.Rae1 Bd4+ 23.Kh1 Qc7 24.b4 Kg7 25.bxc5 Rf8 26.Rc1 Kg8 27.c6 bxc6 28.Rxc6
Qa5 29.Rd6 Bb6 30.Qb3 Qc5 31.Rd7 {#r} 1-0

[Event "It (open)"]
[Site "masterchessopen.com - Imperia (Italy)"]
[Round "0"]
[White "Meinsohn Pierre (FRA)"]
[Black "Wittmann Walter (AUT)"]
[Result "1-0"]
[WhiteElo "2255"]
[BlackElo "2300"]

1.d4 Nf6 2.c4 c5 3.d5 e6 4.Nc3 exd5 5.cxd5 d6 6.e4 g6 7.f4 Bg7 8.e5 Nfd7 9.Ne4
dxe5 10.Nd6+ Ke7 11.Nxc8+ Qxc8 12.Nf3 Re8 13.Be2 Kf8 14.O-O e4 15.Ng5 Bd4+
16.Kh1 h6 17.f5 hxg5 18.fxg6 f6 19.Bxg5 Kg7 20.Bg4 Qc7 21.Qb3 Qb6 22.Bh6+ Kxg6
23.Qh3 Re5 24.Bf4 Nf8 25.Qh6+ Kf7 26.Bxe5 Bxe5 27.Bh5+ Ke7 28.Qg7+ {#r} 1-0

[Event "Memorial A.Sokolsky"]
[Site "masterchessopen.com - Minsk (Belarus)"]
[Round "0"]
[White "Shereshevski Mikhail (BLR)"]
[Black "Kapengut Albert Z (BLR)"]
[Result "1-0"]
[WhiteElo "2475"]
[BlackElo "2402"]

1.d4 Nf6 2.c4 c5 3.d5 e6 4.Nc3 exd5 5.cxd5 d6 6.e4 g6 7.f4 Bg7 8.e5 Nfd7 9.Nb5
dxe5 10.Nd6+ Ke7 11.Nxc8+ Qxc8 12.Nf3 Re8 13.fxe5 Nxe5 14.Bb5 Nbd7 15.Nxe5
Bxe5 16.O-O Qc7 17.Qg4 Kd6 18.Rxf7 Bd4+ 19.Kh1 Ne5 20.Rf6+ Kxd5 21.Qe2 c4
22.Bxe8 Rxe8 23.Be3 Nd3 24.Qf3+ Re4 25.Rf7 Qc6 26.Bxd4 Kxd4 27.Rf1 a5 28.Rxh7
b5 29.h3 Qe6 30.Qf8 Ke3 31.Rhf7 Kd2 32.Qd8 Re2 33.Qxa5+ b4 34.a3 c3 35.bxc3
bxc3 36.R7f3 Qe4 37.a4 Re1 38.Qg5+ Kc2 39.a5 Qe2 40.Rxe1 Nxe1 41.Qxg6+ Kd2
{#r} 1-0

[Event "It"]
[Site "masterchessopen.com - Bad Meinberg (Germany)"]
[Round "0"]
[White "Rosenlund Thorbjorn (DEN)"]
[Black "Buchenthal Dieter (GER)"]
[Result "0-1"]
[WhiteElo "2286"]
[BlackElo "2204"]

1.d4 c5 2.d5 Nf6 3.c4 e6 4.Nc3 exd5 5.cxd5 d6 6.e4 g6 7.f4 Bg7 8.e5 Nfd7 9.Nf3
O-O 10.Be2 dxe5 11.O-O a6 12.Ne4 Qb6 13.a4 Qb4 14.Nf2 e4 15.Ng5 Nf6 16.a5 b5
17.axb6 Bb7 18.Ra4 Qxb6 19.Bc4 Rd8 20.Nfxe4 Nxe4 21.Nxe4 Bd4+ 22.Kh1 Bxd5
23.Bxd5 Rxd5 24.f5 Nd7 25.fxg6 hxg6 26.Ra3 Re8 27.Ng5 f6 28.Nf3 Kg7 29.Qd2 Rh5
30.Nxd4 cxd4 31.Rd3 Re4 32.Rd1 Rhh4 33.b4 Ne5 34.Rb3 d3 35.Re1 Nc4 36.Qd1 Qf2
37.Rxe4 Rxe4 {#R} 0-1

[Event "Ch Great Britain"]
[Site "masterchessopen.com - Morecambe (England)"]
[Round "6"]
[White "Littlewood John E (ENG)"]
[Black "Povah Nigel E (ENG)"]
[Result "1-0"]
[WhiteElo "2137"]
[BlackElo "2302"]

1.d4 Nf6 2.c4 c5 3.d5 e6 4.Nc3 exd5 5.cxd5 d6 6.e4 g6 7.f4 Bg7 8.e5 Nfd7 9.Ne4
dxe5 10.Nd6+ Ke7 11.Nxc8+ Qxc8 12.Nf3 Re8 13.fxe5 Nxe5 14.Bb5 Nbd7 15.O-O a6
16.Nxe5 Bxe5 17.d6+ Kf8 18.Qd5 Bd4+ 19.Kh1 Nf6 20.Bh6+ Kg8 21.Rxf6 Bxf6 22.d7
axb5 23.dxc8=Q Raxc8 24.Qxb7 Bxb2 25.Rf1 {#r} 1-0

[Event "It"]
[Site "masterchessopen.com - Majdanpek (Yugoslavia)"]
[Round "1"]
[White "Rajkovic Dusan (SRB)"]
[Black "Planinec Albin (SLO)"]
[Result "1-0"]
[WhiteElo "2420"]
[BlackElo "2485"]

1.d4 Nf6 2.c4 c5 3.d5 e6 4.Nc3 exd5 5.cxd5 d6 6.e4 g6 7.f4 Bg7 8.e5 Nfd7 9.Ne4
dxe5 10.Nd6+ Ke7 11.Nxc8+ Qxc8 12.Nf3 Re8 13.fxe5 Nxe5 14.Bb5 Nbd7 15.Nxe5 Kf8
16.O-O Bxe5 17.Qf3 f5 18.g4 Bd4+ 19.Kh1 Ne5 20.Qg2 Rd8 21.gxf5 Kg7 22.Bg5 Rd6
23.Rae1 h6 24.Bf4 Nf7 25.fxg6 Rxg6 26.Qf3 Qg4 27.Qxg4 Rxg4 28.Re7 Bxb2 29.Be8
Rxe8 30.Rxe8 c4 31.Re7 Bf6 32.Rxb7 c3 33.Rxa7 Kg6 34.Rxf7 Kxf7 35.Be5 Rg6
36.Bxc3 {#r} 1-0

[Event "It"]
[Site "masterchessopen.com - Manila (Philippines)"]
[Round "0"]
[White "Semkov Semko (BUL)"]
[Black "Arnold Lothar (GER)"]
[Result "1-0"]
[WhiteElo "2450"]
[BlackElo "2371"]

1.d4 Nf6 2.c4 c5 3.d5 e6 4.Nc3 exd5 5.cxd5 d6 6.e4 g6 7.f4 Bg7 8.e5 Nfd7 9.Nb5
dxe5 10.Nd6+ Ke7 11.Nb5 Na6 12.d6+ Kf8 13.Nf3 e4 14.Ng5 h6 15.Nxe4 Qe8 16.Qe2
Nf6 17.Nxf6 Qxe2+ 18.Bxe2 Bxf6 19.O-O Bd7 20.f5 g5 21.Be3 Kg7 22.Nc3 Rhe8
23.Kf2 Re5 24.Bxa6 bxa6 25.g4 h5 26.h3 hxg4 27.hxg4 Bc6 28.Rae1 Rb8 29.Bxg5
Rxb2+ 30.Kg3 Rxe1 31.Bxf6+ Kxf6 32.Rxe1 Rc2 33.Ne4+ Ke5 34.d7 Bxd7 35.Nxc5+
Kd6 36.Rd1+ Kxc5 37.Rxd7 Rxa2 38.Rxf7 Kd5 39.Re7 a5 40.f6 Ra1 41.g5 Rf1
42.Rxa7 Ke6 43.Kg4 Ra1 44.f7 {#r} 1-0

[Event "It (open)"]
[Site "masterchessopen.com - Copenhagen (Denmark)"]
[Round "7"]
[White "Kristensen Bjarke (DEN)"]
[Black "Holm Sejer (DEN)"]
[Result "1-0"]
[WhiteElo "2391"]
[BlackElo "2222"]

1.d4 Nf6 2.c4 c5 3.d5 e6 4.Nc3 exd5 5.cxd5 d6 6.e4 g6 7.f4 Bg7 8.e5 Nfd7 9.Nf3
O-O 10.Be2 dxe5 11.O-O a6 12.a4 exf4 13.Bxf4 Nf6 14.h3 Nh5 15.Bh2 Nd7 16.d6 b6
17.Nd5 Bb7 18.Ne7+ Kh8 19.Ng5 Bd4+ 20.Kh1 Bf6 21.Rxf6 Nhxf6 22.Qb3 Kg7 23.Bc4
Qe8 24.Rf1 h6 25.Rxf6 Nxf6 26.Be5 hxg5 27.Qg3 Kh7 28.Qxg5 Nh5 29.Nf5 Qxe5
30.Qh6+ Kg8 31.Ne7+ Qxe7 32.dxe7 Ng7 33.Qxg6 b5 34.exf8=Q+ Rxf8 35.Qb6 Bxg2+
36.Kxg2 bxc4 37.Qxa6 Rb8 38.Qxc4 Rxb2+ 39.Kf1 Ne6 40.a5 Rb4 41.Qa2 Rb7 42.Qg2+
{#r} 1-0

[Event "It"]
[Site "masterchessopen.com - Odzaci (Yugoslavia)"]
[Round "6"]
[White "Konc Vili (SRB)"]
[Black "Markovic Dusan (BIH)"]
[Result "1-0"]
[WhiteElo "2191"]
[BlackElo "2063"]

1.d4 Nf6 2.c4 c5 3.d5 e6 4.Nc3 exd5 5.cxd5 d6 6.e4 g6 7.f4 Bg7 8.e5 dxe5
9.fxe5 Nh5 10.Bb5+ Kf8 11.Nf3 Bg4 12.O-O Bxe5 13.Nxe5 Bxd1 14.Bh6+ Kg8 15.Nxf7
Qe7 16.d6 Qxf7 17.Bc4 {#r} 1-0

[Event "Ch Baden"]
[Site "masterchessopen.com - Baden (Germany)"]
[Round "0"]
[White "Manner Martin (GER)"]
[Black "Arnold Lothar (GER)"]
[Result "0-1"]
[WhiteElo "2097"]
[BlackElo "2371"]

1.d4 Nf6 2.c4 c5 3.d5 e6 4.Nc3 exd5 5.cxd5 d6 6.e4 g6 7.f4 Bg7 8.e5 Nfd7 9.Nb5
dxe5 10.Nd6+ Ke7 11.Nxc8+ Qxc8 12.Nf3 Re8 13.fxe5 Nxe5 14.Bb5 Nbd7 15.O-O Kf8
16.Nxe5 Rxe5 17.Bf4 c4 18.Bxd7 Qc5+ 19.Kh1 Rxd5 20.Be6 Rxd1 21.Raxd1 Kg8
22.Bd6 Qh5 23.Rxf7 Kh8 24.Rdf1 Qe2 25.Bh3 Rd8 26.Bb4 Rd1 27.g3 c3 28.bxc3 Rd2
29.R7f2 Qxf2 30.Rxf2 Rxf2 31.Be6 Rc2 {#R} 0-1

[Event "Ch Europe (juniors)"]
[Site "masterchessopen.com - Groningen (Netherlands)"]
[Round "11"]
[White "Curtin Eugene (IRL)"]
[Black "Lobron Eric (GER)"]
[Result "0-1"]
[WhiteElo "2264"]
[BlackElo "2516"]

1.d4 Nf6 2.c4 c5 3.d5 e6 4.Nc3 exd5 5.cxd5 d6 6.e4 g6 7.f4 Bg7 8.e5 Nfd7 9.Nb5
dxe5 10.Nd6+ Ke7 11.Nxc8+ Qxc8 12.Nf3 Re8 13.fxe5 Nxe5 14.Bb5 Nbd7 15.O-O Kf8
16.Nxe5 Rxe5 17.Bf4 Rf5 18.Bd6+ Kg8 19.Rxf5 gxf5 20.Bxd7 Qxd7 21.Bxc5 Bxb2
22.Rb1 Be5 23.Qd2 f6 24.d6 Qc6 25.Rc1 Rd8 26.Ba3 Qb6+ 27.Bc5 Qc6 28.Ba3 Qb6+
29.Bc5 Qb5 30.Qd5+ Kg7 31.a4 Qxa4 32.Qxb7+ Rd7 33.Qb4 Qxb4 34.Bxb4 Kf7 35.Rc8
Ke6 36.Re8+ Kd5 37.Re7 Kc6 38.Re6 Kd5 39.Re7 Kc6 40.Re6 Rb7 41.Ba5 Rf7 42.Bb4
Kd7 43.Re7+ Rxe7 44.dxe7 Bc7 45.Kf2 a5 46.Bc5 Bxh2 47.g3 f4 48.g4 Bg3+ 49.Kf3
Be1 50.Kxf4 Bb4 51.Bd4 Bxe7 52.Kf5 a4 53.Bb2 Bd8 54.Ba3 Be7 55.Bc1 Bd8 56.Bb2
Kd6 57.Bc1 Kd5 58.Bb2 Bb6 {#R} 0-1

[Event "Memorial A.Sokolsky"]
[Site "masterchessopen.com - Minsk (Belarus)"]
[Round "0"]
[White "Smirnov Valerij (BLR)"]
[Black "Kapengut Albert Z (USA)"]
[Result "0-1"]
[WhiteElo "2360"]
[BlackElo "2402"]

1.d4 Nf6 2.c4 c5 3.d5 e6 4.Nc3 exd5 5.cxd5 d6 6.e4 g6 7.f4 Bg7 8.e5 Nfd7 9.Nb5
dxe5 10.Nd6+ Ke7 11.Nb5 Re8 12.d6+ Kf8 13.Nc7 exf4+ 14.Nxe8 Qxe8+ 15.Be2 Ne5
16.Bxf4 Nbc6 17.Nh3 Bxh3 18.gxh3 Nf3+ 19.Kf2 Qe4 20.Bxf3 Qxf4 21.Kg2 Nd4
22.Rc1 Nf5 {#R} 0-1

[Event "It"]
[Site "masterchessopen.com - USA"]
[Round "0"]
[White "Taylor Timothy (USA)"]
[Black "Hebert Jean (CAN)"]
[Result "0-1"]
[WhiteElo "2284"]
[BlackElo "2416"]

1.d4 Nf6 2.c4 e6 3.Nc3 c5 4.d5 exd5 5.cxd5 d6 6.e4 g6 7.f4 Bg7 8.e5 Nfd7 9.Nb5
dxe5 10.Nd6+ Ke7 11.Nxc8+ Qxc8 12.Nf3 Re8 13.Bc4 Nb6 14.d6+ Kf8 15.Bb5 exf4+
16.Bxe8 Qxe8+ 17.Kf2 Nc6 18.Bxf4 Qe4 19.Bg3 Nb4 20.Rf1 Nc2 21.Kg1 Nxa1 22.Qxa1
h6 23.Qc1 c4 24.Re1 Qd5 25.Re7 Re8 26.Be5 Qc5+ 27.Kf1 Rxe7 28.dxe7+ Qxe7
29.Bb8 a6 30.Ba7 Qe6 31.Nd2 Qf5+ 32.Nf3 Qd3+ 33.Kf2 Nd5 {#R} 0-1

[Event "Ch Copenhagen"]
[Site "masterchessopen.com - Copenhagen (Denmark)"]
[Round "7"]
[White "Brondum Eric (DEN)"]
[Black "Hamann Svend (DEN)"]
[Result "1-0"]
[WhiteElo "2305"]
[BlackElo "2298"]

1.d4 Nf6 2.c4 c5 3.d5 e6 4.Nc3 exd5 5.cxd5 d6 6.e4 g6 7.f4 Bg7 8.e5 dxe5
9.fxe5 Nfd7 10.e6 fxe6 11.dxe6 Qh4+ 12.g3 Bxc3+ 13.bxc3 Qe4+ 14.Qe2 Qxe2+
15.Bxe2 Nf8 16.e7 Ne6 17.Nf3 Nc6 18.O-O Kxe7 19.Bh6 Bd7 20.Ng5 Ncd8 21.Rad1
Rc8 22.Bg4 Rc6 23.Bg7 Rg8 24.Bf6+ {#r} 1-0

[Event "?"]
[Site "masterchessopen.com - URS"]
[Round "0"]
[White "Yuneev Alexey (RUS)"]
[Black "Varlamov Viacheslav (RUS)"]
[Result "1-0"]
[WhiteElo "2425"]
[BlackElo "2350"]

1.d4 Nf6 2.c4 c5 3.d5 e6 4.Nc3 exd5 5.cxd5 d6 6.e4 g6 7.f4 Bg7 8.e5 Nfd7 9.Nb5
dxe5 10.Nd6+ Ke7 11.Nxc8+ Qxc8 12.Nf3 Re8 13.Bc4 Kf8 14.O-O e4 15.Ng5 Nb6
16.Bb5 Bd4+ 17.Kh1 h6 18.f5 hxg5 19.fxg6 f6 20.Bxg5 Kg7 21.Rxf6 Bxf6 22.Qh5
Bxg5 23.Rf1 Rh8 24.Rf7+ Kg8 25.Rh7 N8d7 26.Rxh8+ Kg7 27.Rxc8 Rxc8 28.Qh7+ Kf6
29.Bxd7 Nxd7 30.Qf7+ Ke5 31.Qxd7 Rf8 32.Qg7+ {#r} 1-0

[Event "Memorial V.Syre (open)"]
[Site "masterchessopen.com - Issy Les Moulineaux (France)"]
[Round "0"]
[White "Grimberg Gilbert (FRA)"]
[Black "Janus Elfi (GER)"]
[Result "1-0"]
[WhiteElo "2302"]
[BlackElo "2090"]

1.d4 Nf6 2.c4 c5 3.d5 e6 4.Nc3 exd5 5.cxd5 d6 6.e4 g6 7.f4 Bg7 8.e5 dxe5
9.fxe5 Nfd7 10.e6 fxe6 11.dxe6 Qh4+ 12.g3 Bxc3+ 13.bxc3 Qe4+ 14.Qe2 Qxe2+
15.Nxe2 Ne5 16.Nf4 Nbc6 17.Be3 b6 18.Bg2 Bb7 19.O-O O-O-O 20.Rae1 Nc4 21.Nd5
Nxe3 22.Rxe3 Na5 23.e7 Bxd5 24.Bxd5 Rde8 25.Bf7 Nc6 26.Bxe8 Rxe8 27.Rf7 {#r}
1-0

[Event "Ch France"]
[Site "masterchessopen.com - Belfort (France)"]
[Round "12"]
[White "Meinsohn Francis (FRA)"]
[Black "Lecuyer Christian (FRA)"]
[Result "1-0"]
[WhiteElo "2213"]
[BlackElo "2182"]

1.d4 Nf6 2.c4 c5 3.d5 e6 4.Nc3 exd5 5.cxd5 d6 6.e4 g6 7.f4 Bg7 8.e5 dxe5
9.fxe5 Ng4 10.Bb5+ Kf8 11.e6 Ne5 12.Nf3 Qf6 13.Bg5 Nxf3+ 14.Qxf3 Qe5+ 15.Ne4
f5 16.O-O Kg8 17.Rae1 Qd4+ 18.Kh1 h6 19.Be8 hxg5 20.Bf7+ Kf8 21.Bxg6 {#r} 1-0